Войната за освобождението на България (Запис номер 390028)
[ съкратено ]
| 000 -Лидер | |
|---|---|
| Контролно поле с фиксирана дължина | 01898nam a2200313 a 4500 |
| 003 - Код на организацията, давaща контролен номер | |
| Контролно поле | BLK |
| 005 - Дата и час на последна редакция | |
| Контролно поле | 20250128124719.0 |
| 008 - Елементи от данни с фиксирана дължина | |
| fixed length control field | 200421b bu ||||| |||| 00| 0 bu d |
| 040 ## - Източник на каталожния запис | |
| Идентификатор на билиотеката - собственик на записа | BLK |
| 041 ## - Код за език | |
| Код за езика на текст/звукозапис или на отделно заглавие | Български |
| Код за езика КДБФ | Български |
| 080 ## - УДК | |
| Текстов определител УДК | История на войните. Военни кампании. Битки. Военни подвизи |
| УДК код - определител по УДК | 355.48 |
| УДК определител | (497.2)"1877/78" |
| УДК - код + определител | 355.48(497.2)"1877/78" |
| 080 ## - УДК | |
| Текстов определител УДК | Освобождение на България. Руско-турска война (1877-1878) |
| УДК код - определител по УДК | 94(497.2)"1877/1878" |
| УДК - код + определител | 94(497.2)"1877/1878" |
| 139 ## - Редно поле | |
| Редна дума | Войната за освобождението на България |
| 245 ## - Сведения за заглавието | |
| Заглавие | Войната за освобождението на България |
| Подзаглавни данни | Достопамятна книга за Рус.-тур. война през 1877-1878 |
| Редно поле (дума) | състав. според илюстр. воен. хроника на лейпцигския илюстр. вестник |
| Том | Ч. 2 |
| Заглавие на том | От паданието на гр. Плевен до свършването на войната |
| 250 ## - Област на изданието | |
| Сведения за изданието | ново изд. |
| 260 ## - Област на издателските данни | |
| 9 (RLIN) | 218897 |
| Място на издаване, разпространение и проч. | София |
| Име на издателя, разпространителя и проч. | Печ. на Бълг. отделение Янко С. Ковачев и сие |
| Година на издаване | 1896 |
| 300 ## - Физическа характеристика | |
| Размери/Мащаб | 30 см. |
| 380 ## - Жанр | |
| Жанр | История |
| 490 ## - СЕРИИ (Колекции) | |
| 9 (RLIN) | 435080 |
| Име на серия | Колекция Редки и ценни издания |
| 500 ## - Общи забележки | |
| Забележка | Собствено издание на "Българската илюстрация". С 46 образи в текста. |
| 650 #7 - Допълнително описание по предмет – тема | |
| Основно описание – тема или топоним | Руско-турска освободителна война 1877 - 1878 |
| Източник на редна или ключова дума | |
| 9 (RLIN) | 170039 |
| 653 #7 - Ключова дума – ненормативна | |
| 9 (RLIN) | 183507 |
| Ключова дума | военна история |
| 653 #7 - Ключова дума – ненормативна | |
| 9 (RLIN) | 183529 |
| Ключова дума | военни действия |
| 760 ## - Описание на основната серия | |
| Страници - том | 128, ХХІІ с. |
| Част - том | Ч. 2 |
| Заглавие | От паданието на гр. Плевен до свършването на войната |
| 852 ## - Местоположение | |
| Форматна сигнатура | Рб 896 |
| Фондова буква | Редки и ценни |
| 999 ## - СИСТЕМНИ КОНТРОЛНИ НОМЕРА | |
| Koha biblionumber | 390028 |
| Koha biblioitemnumber | 390028 |
| 942 ## - АРТИКУЛИ | |
| Вид на библиотечния материал | Книги |
| Скрит в OPAC | Не |
| Периодичен библиозапис | Да |
| 944 ## - СЪЗДАВАНЕ И РЕДАКЦИЯ на ЗАПИСА | |
| Създаване/Редакция | Създаване |
| Дата на регистрацията/редакция | 2020-10-14 |
| Служител, извършил регистрацията/редакцията | 30560 |
| Статус, дата на статуса | Геновева Генчева |
| 999 ## - СИСТЕМНИ КОНТРОЛНИ НОМЕРА | |
| Koha biblioitemnumber | 390028 |
| Код за отписване | Код за изгубен артикул | Източник на класификационната схема | Код за повреда | Коз за рестрикции | Код за отдаване | Артикулен № | Име на библиотеката - собственик | Име на библиотеката, в която се намира в момента | Статус (Текущо местоположение) | Дата на вписване в системата | Местоположение - отдел | Цена в лева | Инвентарен номер | Систематично азбучна сигнатура | Баркод | Цена в евро | Служебен тип на артикула |
|---|---|---|---|---|---|---|---|---|---|---|---|---|---|---|---|---|---|
| Не е изгубен | Universal Decimal Classification | Не е повреден | само за читалня | Специални фондове ( старопечатни, редки и ценни, фонд М. Арнаудов) | 803580 | Регионална библиотека "Любен Каравелов" Русе | Регионална библиотека "Любен Каравелов" Русе | Редки и ценни | 2020-10-19 | Редки и ценни | 0.10 | 6874-ІІ | Рб 896 | 900000036364 | 0.05 | Книги | |
| Не е изгубен | Universal Decimal Classification | Не е повреден | само за читалня | Специални фондове ( старопечатни, редки и ценни, фонд М. Арнаудов) | 808037 | Регионална библиотека "Любен Каравелов" Русе | Регионална библиотека "Любен Каравелов" Русе | Редки и ценни | 2021-01-21 | Редки и ценни | 2.50 | 2520/56 | Рб 896 | 900000047749 | 1.28 | Книги | |
| Не е изгубен | Universal Decimal Classification | Не е повреден | само за читалня | Специални фондове ( старопечатни, редки и ценни, фонд М. Арнаудов) | 808038 | Регионална библиотека "Любен Каравелов" Русе | Регионална библиотека "Любен Каравелов" Русе | Редки и ценни | 2021-01-21 | Редки и ценни | 0.28 | 13520/58 | Рб 896 | 900000047750 | 0.14 | Книги |